Retos y perspectivas de la gobernanza del agua y gestión integral de recursos hídricos en Bolivia /
Sparad:
| Huvudupphovsman: | |
|---|---|
| Övriga upphovsmän: | |
| Materialtyp: | Text |
| Taggar: |
Lägg till en tagg
Inga taggar, Lägg till första taggen!
|
MARC
| LEADER | 00000 a a2200000 04500 | ||
|---|---|---|---|
| 001 | 16301 | ||
| 003 | |||
| 040 | |||
| 100 | |a Ruíz, Sergio Antonio | ||
| 245 | |a Retos y perspectivas de la gobernanza del agua y gestión integral de recursos hídricos en Bolivia / |c Sergio Antonio Ruíz ; Ingo Georg Gentes | ||
| 700 | |a Gentes, Ingo Georg | ||
| 773 | |g número 85; páginas 41-59 | ||
| 999 | |c 38324 |d 38324 | ||
